Books Missing 'F' Words Quiz Stats

 Plays Quiz Updated Jan 19, 2019

     
Support Sporcle.
Go Orange.
Score 0/18 Timer 03:00
2,001 Plays Today
Hint Answer % Correct
Finn
97.1%
Flies
96.2%
Fairy
93.3%
Fire
91.2%
Fellowship
88.8%
Farewell
86.8%
Fang
85.1%
Fahrenheit
83.9%
Fight
83.6%
Hint Answer % Correct
Fury
80.7%
Fern
76.9%
Fish
59.6%
Fear
54.4%
Four
50.7%
Farm
50.3%
First
45.5%
Foucault's
29.7%
Foundation
20.9%

From the Vault

Disney by Category

by LTH

Movies 9m
Disney sure does have a thing for owls.
Remove Ads.
Support Sporcle.
Get the best of Sporcle when you Go Orange. This ad-free experience offers more features, more stats, and more fun while also helping to support Sporcle. Thank you for becoming a member.

Show Comments

Extras

Top Quizzes Today


Score Distribution

Your Account Isn't Verified!

In order to create a playlist on Sporcle, you need to verify the email address you used during registration. Go to your Sporcle Settings to finish the process.

Report this User

Report this user for behavior that violates our Community Guidelines.

Details: